Život po životě /
Když se sedmnáctiletá Amber jednoho dne vrátí domů, zjistí, že je po smrti. Setkává se tak s rodinou a přáteli, kteří se sedm let vyrovnávali s její smrtí a v životě se značně posunuli.
Uloženo v:
| Hlavní autor: | |
|---|---|
| Další autoři: | |
| Médium: | Kniha |
| Jazyk: | Czech |
| Vydáno: |
Praha :
Euromedia Group,
2026
|
| Vydání: | Vydání první |
| Edice: | Yoli
|
| Témata: | |
| Celkem bylo vypůjčeno: | 1x |
| Tagy: |
Žádné tagy |
| LEADER | 02697nam a2200517 i 4500 | ||
|---|---|---|---|
| 001 | 106673 | ||
| 003 | CZ PrNK | ||
| 005 | 20260630080147.0 | ||
| 007 | ta | ||
| 008 | 260615s2026 xr d 000 f cze | ||
| 015 | |a cnb003675447 | ||
| 020 | |a 9788028405359 |q (brožováno) | ||
| 040 | |a ABG001 |b cze |e rda | ||
| 041 | 1 | |a cze |h eng | |
| 072 | 7 | |a 821.111(73)-3 |x Americká próza |2 Konspekt |9 25 | |
| 072 | 7 | |a 821-93 |x Literatura pro děti a mládež (beletrie) |2 Konspekt |9 26 | |
| 080 | |a 821.111(73)-31 |2 MRF | ||
| 080 | |a 821-93-053.67 |2 MRF | ||
| 080 | |a 821-93 |2 MRF | ||
| 080 | |a (0:82-31) |2 MRF | ||
| 100 | 1 | |a Forman, Gayle, |d 1970- |7 xx0135252 |4 aut |9 13429 | |
| 240 | 1 | 0 | |a After life. |l Česky |
| 245 | 1 | 0 | |a Život po životě / |c Gayle Forman ; přeložila Karolina Medková |
| 250 | |a Vydání první | ||
| 264 | 1 | |a Praha : |b Euromedia Group, |c 2026 | |
| 300 | |a 268 stran ; |c 20 cm | ||
| 336 | |a text |b txt |2 rdacontent | ||
| 337 | |a bez média |b n |2 rdamedia | ||
| 338 | |a svazek |b nc |2 rdacarrier | ||
| 490 | 1 | |a Yoli | |
| 500 | |a Přeloženo z angličtiny | ||
| 520 | 2 | |a Když se sedmnáctiletá Amber jednoho dne vrátí domů, zjistí, že je po smrti. Setkává se tak s rodinou a přáteli, kteří se sedm let vyrovnávali s její smrtí a v životě se značně posunuli. |b Amber se jednoho krásného jarního odpoledne vrací na kole domů ze školy. Je to úplně normální den. Jenže když ji uvidí její matka, začne křičet. Amber totiž před sedmi lety zemřela - srazilo ji auto na tom samém kole, na němž teď přijela. Její nevysvětlitelný návrat ovlivní všechny, které její smrt hluboce zasáhla. Uprostřed všeho toho zmatku se Amber potýká sama se sebou. Jakým člověkem bývala? Jak a proč dostala druhou šanci na život? Román dokonale zkoumá tenkou hranici mezi životem a smrtí, vykresluje, jakou stopu může na světě člověk zanechat, a oslavuje život jako takový v celé jeho spletitosti. Nakladatelská anotace. | |
| 521 | 8 | |a Pro čtenáře od 13 let | |
| 655 | 7 | |a americké romány |7 fd131796 |2 czenas |9 53403 | |
| 655 | 7 | |a literatura young adult |7 fd1185572 |2 czenas |9 114939 | |
| 655 | 7 | |a publikace pro mládež |7 fd133157 |2 czenas |9 110 | |
| 655 | 9 | |a American fiction |2 eczenas | |
| 655 | 9 | |a young adult literature |2 eczenas | |
| 655 | 9 | |a juvenile literature |2 eczenas | |
| 700 | 1 | |a Medková, Karolina |7 xx0126769 |4 trl |9 22610 | |
| 710 | 2 | |a Euromedia Group |7 kn20100114009 |4 pbl |9 117126 | |
| 830 | 0 | |a Yoli | |
| 910 | |a UOG502 | ||
| 942 | |2 ddc |c KN | ||
| 999 | |d 106673 | ||
| 993 | |0 0 |1 421180107397 |2 ddc |4 0 |7 0 |9 100168 |b 0 |c 107397 |d 2026-06-30 |e 1 |f DOSP |h 399.00 |i Koupě |l DOSP |q 2026-08-11 |r 2026-06-30 |s 2026-06-30 |t 6 |w 2026-06-30 |y KN |z BELETM | ||